=LDR 00000nam 2200000 4500 =001 INLIS000000000027080 =005 20200213094040 =035 ##$$a 0010-061300000027080 =008 200213################g##########0#ind## =041 ##$$a Ind =082 ##$$a 158.1 =090 ##$$a 158.1, Nis l =100 ##$$a Nisfah, Khiyatin =245 1#$$a Langkah Sukses Untuk Mendapat Pekerjaan, /$c Khilyatin Nisfah =260 ##$$a Surabaya :$b PUTRA PELAJAR,$c 2005 =300 ##$$a vii, 118 hlm, : $b Ilus. ; $c 14 x 21 cm =650 #4$$a Psikologi Terapan =850 ##$$a NBPNMAT =084 ##$$a 158.1 NIS l =250 ##$$a Cet.1 =990 ##$$a 20703034 =990 ##$$a 20703036